| 000 | 00636nam a2200181Ia 4500 | ||
|---|---|---|---|
| 008 | 100920s9999 xx 000 0 und d | ||
| 082 |
_b106952 _a375 न 09 |
||
| 100 | _aसेालापुरे राजशेखर. | ||
| 245 | _aउत्कृष्ट भाषण कला. | ||
| 260 |
_bविद्याभारती प्रकाशन,लातूर. _c2009 |
||
| 300 |
_a176 _bसाधी |
||
| 365 | _b80 | ||
| 520 | _aशालो. | ||
| 630 | _aउत्कृष्ट भाषण कला. | ||
| 650 | _aशालो. | ||
| 730 | _aउत्कृष्ट भाषण कला. | ||
| 942 | _cBOOK | ||
| 999 |
_c747376 _d747373 |
||